Villes de France par lettre - F (Carte Quiz) - Statistiques

Statistiques générales
  • Ce quiz a été pris 21 335 fois
  • Le résultat moyen est 8 sur 16
Réponses sur la Carte
Les réponses sont colorées sur une échelle allant du rouge au vert en fonction du pourcentage des utilisateurs qui les ont devinées à leur premier essai. Vous pouvez retrouver ces pourcentages ci-dessous.
 
Statistiques - réponses
Réponse % Correct
Fort-de-France
83%
Fréjus
81%
Fontainebleau
72%
Furiani
71%
Foix
57%
Fleury-Mérogis
53%
Forbach
50%
Fougères
48%
Fécamp
46%
Frontignan
45%
Fresnes
41%
Falaise
40%
Fontenay-le-Comte
32%
Forcalquier
29%
Fourmies
27%
Firminy
25%
Aucun quiz correspondant
Distribution des résultats
% des personnes avec chaque résultat
Percentile par nombre de réponses
Votre historique - résultats
Vous n’avez pas pris ce quiz